Guía de la Biblia. Introducción general a la Sagrada Escritura
Wedi'i Gadw mewn:
| Prif Awdur: | |
|---|---|
| Fformat: | Llyfr |
| Iaith: | Sbaeneg |
| Cyhoeddwyd: |
Pamplona, España
Verbo Divino
2019
|
| Rhifyn: | 1a. ed |
| Pynciau: | |
| Tagiau: |
Ychwanegu Tag
Dim Tagiau, Byddwch y cyntaf i dagio'r cofnod hwn!
|
MARC
| LEADER | 00000cam a2200000 a 4500 | ||
|---|---|---|---|
| 001 | UCC8835 | ||
| 003 | CL-VaPUC | ||
| 005 | 20241211130135.0 | ||
| 008 | 190823e20190000sp |||||||||||||||||spa|d | ||
| 999 | |c 375084 |d 375082 | ||
| 020 | |a 978-84-9073-474-2 | ||
| 040 | |c Pontificia Universidad Católica de Valparaíso | ||
| 082 | 0 | 4 | |a 220 VAZ 2019 |2 21 |
| 100 | 0 | |a Vázquez Allegue, Jaime |e author |9 603564 | |
| 245 | 1 | 0 | |a Guía de la Biblia. |b Introducción general a la Sagrada Escritura |
| 250 | |a 1a. ed | ||
| 260 | |a Pamplona, España |b Verbo Divino |c 2019 | ||
| 300 | |a 346 páginas | ||
| 505 | |a Prólogo Introducción PRIMERA PARTE: LA TIERRA DE LA BIBLIA 1. Geografía de la Biblia 2. Arqueología bíblica 3. Historia de la Biblia SEGUNDA PARTE: LA LETRA DE LA BIBLIA 1. El texto de la Biblia 2. Las lenguas de la Biblia 3. Escritura de la Biblia 4. Soportes de la Biblia 5. Versiones de la Biblia 6. El canon de la Biblia TERCERA PARTE: LA PALABRA DE LA BIBLIA 1. Antiguo Testamento 1.1. El Pentateuco 1.2. Libros históricos 1.3. Libros proféticos 1.4. Libros poéticos y sapienciales 2. Nuevo Testamento 2.1. Evangelios 2.2. Hechos de los Apóstoles 2.3. Corpus paulino 2.4. Cartas católicas 2.5. Las cartas de Juan 2.6. La carta de Judas 2.7. Libro del Apocalipsis 3. Intertestamento CUARTA PARTE: LA VIDA DE LA BIBLIA 1. Palabra de Dios 2. Interpretación de la Biblia 3. Métodos de interpretación | ||
| 583 | |a last modification |c 20190823 13:21:00 |k Rodrigo Vera | ||
| 650 | 0 | |a Biblia |9 894714 |x Antiguo testamento |x Nuevo testamento | |
| 650 | 0 | |a Arqueología bíblica |9 317810 | |
| 650 | 0 | |a Geografía bíblica |9 313694 | |
| 650 | 0 | |a Canon bíblico |9 894764 | |
| 942 | |c BK |2 ddc | ||
| 945 | |d 20190823 13:21:00 |a dcastane | ||
| 952 | |0 0 |1 0 |2 ddc |3 erb |4 0 |6 220_000000000000000_VAZ_2019 |7 0 |8 A |9 493973 |a BIBTEO |b BIBTEO |e 8 |g 21000.00 |i 5559626 |l 3 |m 3 |o 220 VAZ 2019 |p 5559626 |q 2025-04-10 |r 2025-01-20 |s 2025-01-20 |w 2019-11-24 |y BK |z Catalogado en:20190823 |k ICR | ||